Science - Physics | 0 | 3 | 0 | 0 | 30 | 87 | 109.33 | 0 | 0 |
Other - Other Academic and General Knowledge | 0 | 2 | 0 | 0 | 20 | 96 | 111.00 | 0 | 0 |
History - Cross, Historiography, and Miscellaneous | 0 | 2 | 0 | 0 | 20 | 95 | 109.50 | 0 | 0 |
RMP - World Mythology | 0 | 2 | 0 | 0 | 20 | 115 | 129.50 | 0 | 0 |
Science - Chemistry | 0 | 2 | 0 | 0 | 20 | 112 | 113.50 | 0 | 0 |
History - American | 1 | 0 | 0 | 0 | 15 | 21 | 21.00 | 0 | 0 |
Science - Biology | 0 | 1 | 0 | 0 | 10 | 110 | 110.00 | 0 | 0 |
Fine Arts - Music | 0 | 1 | 0 | 0 | 10 | 122 | 122.00 | 0 | 0 |
Geography - World | 0 | 1 | 0 | 0 | 10 | 125 | 125.00 | 0 | 0 |
History - World | 0 | 1 | 0 | 0 | 10 | 121 | 121.00 | 0 | 0 |
Literature - British | 0 | 1 | 0 | 0 | 10 | 114 | 114.00 | 0 | 0 |
RMP - Buddhism | 0 | 1 | 0 | 0 | 10 | 119 | 119.00 | 0 | 0 |
RMP - Christian Practice | 0 | 1 | 0 | 0 | 10 | 96 | 96.00 | 0 | 0 |
Science - Computer Science | 0 | 1 | 0 | 0 | 10 | 112 | 112.00 | 0 | 0 |
Science - Earth | 0 | 1 | 0 | 0 | 10 | 103 | 103.00 | 0 | 0 |
Social Science - Linguistics | 0 | 1 | 0 | 0 | 10 | 124 | 124.00 | 0 | 0 |
Fine Arts - Sculpture | 0 | 0 | 0 | 0 | 0 | | 0.00 | 0 | 0 |
Fine Arts - Painting | 0 | 0 | 0 | 0 | 0 | | 0.00 | 0 | 0 |
Social Science - Psychology | 0 | 0 | 0 | 0 | 0 | | 0.00 | 0 | 0 |